000 00609nam a2200229Ia 4500
003 OSt
005 20220928102632.0
006 a|||||r|||| 00| 0
007 ta
008 220927b |||||||| |||| 00| 0 eng d
024 _a55023
037 _cTextual
040 _aSDCL
_cSDCL
_beng
041 _2eng
_aeng
082 _aO152,3N112,3, L5
100 _aJain Rishabh Charan
_9399517
245 0 _aBhagya.
260 _aLucknow
_bGanga Pustakmala Karyalaya
_c1975
300 _a171p.
_ccm.
942 _hO152,3N112,3, L5
_cTEXL
_2CC
999 _c715379
_d715379